| 000 | 00389nam a22001217a 4500 | ||
|---|---|---|---|
| 082 | _a200 THE | ||
| 100 |
_aNIGAR AHMED _970536 |
||
| 245 | _aTH-SOF-1090-Sampled Data Stabilization of Inverted Pendulum on a Cart using Sliding Mode Observer | ||
| 260 |
_aISLAMABAD _bNUST COLLEGE OF EME _c2014 |
||
| 650 | _aMS-ELECT-71 MSTHESIS | ||
| 700 | _aSUPERVISOR DR.FAHAD MUMTAZ MALIK | ||
| 942 | _cCF | ||
| 999 |
_c577506 _d577506 |
||